| 000 | 00805cam a2200241 a 4500 | ||
|---|---|---|---|
| 001 | 15648377 | ||
| 005 | 20180205033726.0 | ||
| 007 | vd |v|||| | ||
| 008 | 090305r20082007nyua b 001 0 eng | ||
| 010 | _a 2009285938 | ||
| 020 | _a9780345496317 | ||
| 040 |
_aDLC _cDLC _dDLC |
||
| 041 | _aeng | ||
| 080 | _a613.2 dea | ||
| 082 | 0 | 0 |
_a613.2 dea _222 |
| 100 | 1 | _a3 | |
| 101 | _ashm | ||
| 245 | 1 | 4 |
_aThe spectrum : _cDean Ornish ; with recipes by Art Smith. |
| 504 | _aIncludes bibliographical references (p. [349]-370) and index. | ||
| 906 |
_a7 _bcbc _corigcop _d2 _encip _f20 _gy-gencatlg |
||
| 942 |
_2ddc _cBK |
||
| 999 |
_c41720 _d41720 |
||